PROBABILITY AND STATISTICS (Record no. 16445)
[ view plain ]
| 000 -LEADER | |
|---|---|
| fixed length control field | 00301nam a22001457a 4500 |
| 003 - CONTROL NUMBER IDENTIFIER | |
| control field | SGT |
| 020 ## - INTERNATIONAL STANDARD BOOK NUMBER | |
| International Standard Book Number | 9789332519084 |
| 082 ## - DEWEY DECIMAL CLASSIFICATION NUMBER | |
| Item number | WAL |
| 100 ## - MAIN ENTRY--PERSONAL NAME | |
| Personal name | WALPOLE RONALD E. |
| 245 ## - TITLE STATEMENT | |
| Title | PROBABILITY AND STATISTICS |
| 250 ## - EDITION STATEMENT | |
| Edition statement | 9TH |
| 260 ## - PUBLICATION, DISTRIBUTION, ETC. (IMPRINT) | |
| Name of publisher, distributor, etc | PEARSON INDIA |
| Year of Publication | 2017 |
| 300 ## - PAGE DESCRIPTION | |
| No. of Pages | 856 |
| 942 ## - ADDED ENTRY ELEMENTS (KOHA) | |
| Source of classification or shelving scheme | Dewey Decimal Classification |
| Koha item type | Books |
| Withdrawn status | Lost status | Source of classification or shelving scheme | Damaged status | Not for loan | Collection code | Home library | Current library | Shelving location | Date acquired | Vendor Name | Cost, normal purchase price | SGTU | Bill Number | Full call number | Accession No. (Barcode) | Date last seen | Bill Date | Koha item type |
|---|---|---|---|---|---|---|---|---|---|---|---|---|---|---|---|---|---|---|
| Dewey Decimal Classification | Not For Loan | SCIENCE | SGT Science & Social Sciences Library | SGT Science & Social Sciences Library | Reference Book | 31/12/2018 | AHUJA BOOK | 1039.00 | SGTU | 10393 | WAL | PS5610 | 31/12/2018 | 31/12/2018 | Books |